[Event "World Blitz"]
[Site "Moscow RUS"]
[Date "2007.11.22"]
[Round "38"]
[White "Savchenko,B"]
[Black "Gelfand,B"]
[Result "0-1"]
[WhiteElo "2583"]
[BlackElo "2736"]
[EventDate "2007.11.21"]

1. e4 c5 2. Nf3 d6 3. d4 cxd4 4. Nxd4 Nf6 5. Nc3 a6 6. g3 e5 7. Nb3 Be7 8.
Bg2 O-O 9. O-O Nbd7 10. Be3 Nb6 11. Nd2 Bg4 12. f3 Be6 13. h3 d5 14. exd5
Nbxd5 15. Nxd5 Nxd5 16. Bf2 Qc7 17. c3 f5 18. Qe2 f4 19. Rfe1 Bc5 20. Qxe5
Bxf2+ 21. Kxf2 Qb6+ 22. Qd4 fxg3+ 23. Kxg3 Qxd4 24. cxd4 Rf6 25. Re4 Raf8
26. h4 Nf4 27. Bf1 Nh5+ 28. Kf2 Bd5 29. Re5 Bxf3 30. Ke3 Bg4 31. Bc4+ Kh8
32. Rg1 Bf3 33. Rf1 Bg4 34. Re7 Nf4 35. Rxb7 h5 36. Kf2 Ne2+ 37. Kg2 Rxf1
38. Nxf1 Bf3+ 39. Kf2 Bxb7+ 40. Kxe2 Rf4 41. Ke3 Rxh4 42. b4 Re4+ 43. Kd3
Re1 44. Kd2 Re8 45. b5 axb5 46. Bxb5 Rf8 47. a4 h4 48. a5 h3 49. a6 Ba8 50.
Ng3 h2 51. Bc4 Rf3 52. Nh1 Rf4 53. Ke3 Bxh1 54. Kxf4 Ba8 0-1

[Event "World Blitz"]
[Site "Moscow RUS"]
[Date "2007.11.22"]
[Round "38"]
[White "Grischuk,A"]
[Black "Carlsen,M"]
[Result "1/2-1/2"]
[WhiteElo "2715"]
[BlackElo "2714"]
[EventDate "2007.11.21"]

1. e4 Nf6 2. e5 Nd5 3. d4 d6 4. Nf3 dxe5 5. Nxe5 c6 6. Be2 Bf5 7. O-O Nd7
8. Ng4 e6 9. c4 N5f6 10. Ne3 Bg6 11. Nc3 Bd6 12. b3 Qc7 13. h3 O-O 14. Bb2
Rad8 15. Qd2 Rfe8 16. Rfd1 Bf4 17. Qe1 e5 18. d5 Bxe3 19. fxe3 Nc5 20. Rac1
Qb6 21. Bf1 h6 22. Kh2 cxd5 23. Nxd5 Nxd5 24. cxd5 Ne4 25. Bc4 Nd6 26. Ba3
Be4 27. Bb4 Nxc4 28. bxc4 Qg6 29. Qg3 Qa6 30. a3 Rd7 31. Qg4 Qg6 32. Qxg6
Bxg6 33. Bc5 Ra8 34. Rd2 Be4 35. Rdd1 f6 36. a4 Kf7 37. a5 Rc7 38. Bd6 Rd7
39. Bc5 h5 40. h4 Kg6 41. Re1 Bd3 42. Red1 Be4 43. Re1 Kf5 44. Kg3 Rc7 45.
Bd6 Rd7 46. Bc5 Kg6 47. Red1 Rc7 48. Bd6 Rd7 49. Bc5 b6 50. axb6 axb6 51.
Bxb6 Ra2 52. Rg1 Rb7 53. c5 Bxd5 54. Ra1 Re2 55. Rae1 Rxe1 56. Rxe1 Kf5 57.
Ra1 Ke4 58. Kf2 Rd7 59. Ra4+ Kf5 60. Ra7 1/2-1/2